Dům doktora Fišera /
V dobrodružném příběhu odkrývá Petr s kamarádkou Kristýnou tajemství podivného domu doktora Fišera.
Uloženo v:
| Hlavní autor: | |
|---|---|
| Další autoři: | , |
| Médium: | E-audiokniha |
| Jazyk: | Czech |
| Vydáno: |
Praha :
Albatros,
[2020]
|
| Témata: | |
| Tagy: |
Žádné tagy |
| LEADER | 03226nim a2200829 i 4500 | ||
|---|---|---|---|
| 001 | 313034 | ||
| 003 | CZ PrSKC | ||
| 005 | 20260601215734.0 | ||
| 007 | sd fungnnmmned | ||
| 008 | 201002t20202020xr nnnnj h n cze | ||
| 015 | |a cnb003256780 | ||
| 024 | 3 | |a 8594050429932 | |
| 040 | |a ABA001 |b cze |e rda | ||
| 072 | 7 | |a 821.162.3-3 |x Česká próza |2 Konspekt | |
| 072 | 7 | |a 821-93 |x Literatura pro děti a mládež (beletrie) |2 Konspekt | |
| 080 | |a 821.162.3-32 |2 MRF | ||
| 080 | |a (0:82-32) |2 MRF | ||
| 080 | |a (086.7.053.2) |2 MRF | ||
| 080 | |a (086.7)08 |2 MRF | ||
| 080 | |a (086.76) |2 MRF | ||
| 100 | 1 | |a Braunová, Petra, |d 1967- |7 xx0013872 |4 aut | |
| 245 | 1 | 0 | |a Dům doktora Fišera / |c Petra Braunová |
| 264 | 1 | |a Praha : |b Albatros, |c [2020] | |
| 264 | 4 | |c ©2020 | |
| 300 | |a 1 audiodisk (3 hod., 57 min.) ; |c 12 cm | ||
| 306 | |a 035700 | ||
| 336 | |a mluvené slovo |b spw |2 rdacontent | ||
| 337 | |a audio |b s |2 rdamedia | ||
| 338 | |a audiodisk |b sd |2 rdacarrier | ||
| 344 | |a digital |b optical |2 rda | ||
| 347 | |a audio soubor |b MP3 |2 rda | ||
| 500 | |a Název z disku | ||
| 500 | |a Copyright Albatros Media | ||
| 500 | |a Nezkrácená audiokniha ve formátu mp3 | ||
| 508 | |a Režie Martin Šebestík | ||
| 511 | 0 | |a Čte Kryštof Hádek | |
| 518 | |o Nahráno |d 2020 |p studio DAMU, Praha | ||
| 520 | 2 | |a V dobrodružném příběhu odkrývá Petr s kamarádkou Kristýnou tajemství podivného domu doktora Fišera. | |
| 521 | 8 | |a Pro posluchače od 11 let | |
| 655 | 7 | |a české příběhy |7 fd133973 |2 czenas | |
| 655 | 7 | |a zvukové záznamy pro děti a mládež |7 fd186726 |2 czenas | |
| 655 | 7 | |a audioknihy |7 fd119452 |2 czenas | |
| 655 | 7 | |a kompaktní disky |7 fd201991 |2 czenas | |
| 700 | 1 | |a Šebestík, Martin |7 xx0089616 |4 drt | |
| 700 | 1 | |a Hádek, Kryštof, |d 1982- |7 xx0031481 |4 nrt | |
| 900 | |a ABA001 |b 18 | ||
| 044 | |a xr | ||
| 505 | 0 | 0 | |t Noční rozhovor (15 min., 27 sek.) |
| 505 | 0 | 0 | |t Velké peníze (14 min., 43 sek.) |
| 505 | 0 | 0 | |t Velká lež (12 min., 54 sek.) |
| 505 | 0 | 0 | |t Kristýna (15 min., 54 sek.) |
| 505 | 0 | 0 | |t Virtuální zrada (9 min., 32 sek.) |
| 505 | 0 | 0 | |t Dokonalá lež (16 min., 24 sek.) |
| 505 | 0 | 0 | |t Dokonalý plán (13 min., 42 sek.) |
| 505 | 0 | 0 | |t Dům doktora Fišera (15 min., 11 sek.) |
| 505 | 0 | 0 | |t Nekonečná hodina (11 min., 2 sek.) |
| 505 | 0 | 0 | |t Vysvobození (15 min., 50 sek.) |
| 505 | 0 | 0 | |t Přání doktora Fišera (10 min., 47 sek.) |
| 505 | 0 | 0 | |t Nemilé překvapení (13 min., 39 sek.) |
| 505 | 0 | 0 | |t Děsivý host (10 min., 10 sek.) |
| 505 | 0 | 0 | |t Dopis (11 min., 14 sek.) |
| 505 | 0 | 0 | |t Poplach (15 min., 54 sek.) |
| 505 | 0 | 0 | |t Vysvětlení (13 min., 31 sek.) |
| 505 | 0 | 0 | |t Patrik (12 min., 16 sek.) |
| 505 | 0 | 0 | |t Slib (8 min., 13 sek.) |
| 505 | 0 | 0 | |t Návštěva (10 min., 19 sek.) |
| 505 | 0 | 0 | |t Helena (12 min., 24 sek.) |
| 505 | 0 | 0 | |t Nemoc (11 min., 44 sek.) |
| 505 | 0 | 0 | |t Nejistota (17 min., 40 sek.) |
| 910 | |a RBIT002 | ||
| 998 | |d 206669 |a https://core.palmknihy.cz/api/books/206669/cover?sia8s4 |b https://core.palmknihy.cz/api/books/206669/cover/400?sia8s4 |c https://core.palmknihy.cz/api/books/206669/cover/50?sia8s4 |e 2036-12-31 |i 8594050429932 |l 17280 |q 49 |r 1 |s https://www.palmknihy.cz/kniha/206669 |t audiobook |y 2020 |z 0 | ||
| 999 | |d 313032 | ||